[Event "XII Paracin Festival 2019"]
[Site "Paracin"]
[Date "2019.07.10"]
[Round "7.20"]
[White "Maksimovic, Bojan"]
[Black "Harvey, Marcus R"]
[Result "1-0"]
[WhiteElo "2326"]
[BlackElo "2402"]
[Annotator "NA"]
[PlyCount "59"]
[EventDate "2019.07.05"]
[EventType "swiss"]
[EventCountry "SRB"]
[SourceTitle "playchess.com"]
[Source "ChessBase"]
[SourceQuality "1"]
[TimeControl "5400+30"]

1. e4 {[%emt 0:00:00]} e6 {[%emt 0:04:14]} 2. d4 {[%emt 0:00:00]} d5 {[%emt 0:00:22]} 3. Nc3 {[%emt 0:00:00]} Nf6 {[%emt 0:00:03]} 4. Bg5 {[%emt 0:00:15]} dxe4 {[%emt 0:01:05]} 5. Nxe4 {[%emt 0:00:09]} Be7 {[%emt 0:00:03]} 6. Bxf6 {[%emt 0:00:10]} gxf6 {[%emt 0:00:04]} 7. Nf3 {[%emt 0:00:49]} f5 {[%emt 0:00:04]} 8. Nc3 {[%emt 0:00:54]} a6 {[%emt 0:00:03]} 9. g3 {[%emt 0:01:25]} b5 {[%emt 0:00:03]} 10. Bg2 {[%emt 0:00:45]} Bb7 {[%emt 0:00:03]} 11. O-O {[%emt 0:00:35]} c5 {[%emt 0:00:07]} 12. d5 {[%emt 0:01:03]} b4 {[%emt 0:00:04]} 13. dxe6 {[%emt 0:00:22]} bxc3 {[%emt 0:00:05]} 14. exf7+ {[%emt 0:00:07]} Kf8 {[%emt 0:00:02]} 15. Qe2 {[%emt 0:00:35]} Qd6 {[%emt 0:24:24]} 16. Rad1 {[%emt 0:09:15]} Qf6 {[%emt 0:00:04]} 17. bxc3 {[%emt 0:01:13]} Ra7 {[%emt 0:14:43]} 18. Rfe1 {[%emt 0:08:14]} Be4 {[%emt 0:15:06]} 19. Nh4 {[%emt 0:03:24]} Qxf7 {[%emt 0:05:27]} 20. Bxe4 {[%emt 0:07:33]} fxe4 {[%emt 0:02:34]} 21. Qxe4 {[%emt 0:01:16]} Bxh4 {[%emt 0:03:26]} 22. Qxh4 {[%emt 0:03:06]} Kg7 {[%emt 0:04:27]} 23. Re4 {[%emt 0:09:58]} h5 {[%emt 0:10:23]} 24. Rd6 {[%emt 0:06:40]} Rh6 {[%emt 0:00:35]} 25. Rg4+ {[%emt 0:04:08]} Kh7 {[%emt 0:01:54]} 26. Rxh6+ {[%emt 0:00:31]} Kxh6 {[%emt 0:00:05]} 27. Qg5+ {[%emt 0:00:40]} Kh7 {[%emt 0:00:05]} 28. Rh4 {[%emt 0:00:09]} Qg6 {[%emt 0:08:50]} 29. Rxh5+ {[%emt 0:00:16]} Kg7 {[%emt 0:00:07]} 30. Qe5+ {[%emt 0:00:11]} 1-0

[Event "XII Paracin Festival 2019"]
[Site "Paracin"]
[Date "2019.07.10"]
[Round "7.21"]
[White "Savic, Miodrag R"]
[Black "Nandhidhaa, P V"]
[Result "1/2-1/2"]
[WhiteElo "2503"]
[BlackElo "2259"]
[Annotator "ChessBase"]
[PlyCount "69"]
[EventDate "2019.07.05"]
[EventType "swiss"]
[EventCountry "SRB"]
[SourceTitle "playchess.com"]
[Source "ChessBase"]
[SourceQuality "1"]
[TimeControl "5400+30"]

1. e4 {[%emt 0:00:00]} c5 {[%emt 0:00:00]} 2. Nf3 {[%emt 0:00:00]} e6 {[%emt 0:00:00]} 3. c3 {[%emt 0:00:00]} Nf6 {[%emt 0:00:00]} 4. Bd3 {[%emt 0:02:10]} Nc6 {[%emt 0:00:20]} 5. Bc2 {[%emt 0:00:07]} d5 {[%emt 0:00:33]} 6. e5 {[%emt 0:01:00]} Nd7 {[%emt 0:00:09]} 7. d4 {[%emt 0:00:02]} Be7 {[%emt 0:00:21]} 8. O-O {[%emt 0:01:54]} b6 {[%emt 0:00:31]} 9. Re1 {[%emt 0:03:18]} Ba6 {[%emt 0:00:08]} 10. a3 {[%emt 0:02:43]} Rc8 {[%emt 0:02:03]} 11. Be3 {[%emt 0:10:53]} Qc7 {[%emt 0:02:02]} 12. Bd3 {[%emt 0:01:25]} Bxd3 {[%emt 0:00:21]} 13. Qxd3 {[%emt 0:00:01]} O-O {[%emt 0:04:54]} 14. Nbd2 {[%emt 0:00:01]} cxd4 {[%emt 0:00:28]} 15. cxd4 {[%emt 0:00:02]} Na5 {[%emt 0:00:27]} 16. b4 {[%emt 0:05:16]} Nc4 {[%emt 0:03:15]} 17. Bg5 {[%emt 0:09:18]} Nxd2 {[%emt 0:12:10]} 18. Qxd2 {[%emt 0:09:28]} Bxg5 {[%emt 0:00:27]} 19. Qxg5 {[%emt 0:00:02]} h6 {[%emt 0:00:33]} 20. Qf4 {[%emt 0:12:40]} Nf6 {[%emt 0:05:31]} 21. Rac1 {[%emt 0:01:29]} Qb8 {[%emt 0:00:26]} 22. Nd2 {[%emt 0:08:32]} Rxc1 {[%emt 0:01:20]} 23. Rxc1 {[%emt 0:00:01]} Rc8 {[%emt 0:00:19]} 24. Nf1 {[%emt 0:02:07]} Ne8 {[%emt 0:07:02]} 25. g4 {[%emt 0:07:32]} Rxc1 {[%emt 0:00:26]} 26. Qxc1 {[%emt 0:00:01]} Qc7 {[%emt 0:00:07]} 27. Qd2 {[%emt 0:00:16]} Qc4 {[%emt 0:08:00]} 28. Ne3 {[%emt 0:00:32]} Qc6 {[%emt 0:00:29]} 29. h4 {[%emt 0:01:35]} Nc7 {[%emt 0:01:15]} 30. Qd3 {[%emt 0:01:51]} a6 {[%emt 0:07:21]} 31. Kg2 {[%emt 0:00:14]} Nb5 {[%emt 0:03:33]} 32. Kf3 {[%emt 0:04:00]} Qc1 {[%emt 0:02:55]} 33. a4 {[%emt 0:00:16]} Nc3 {[%emt 0:02:12]} 34. Kg2 {[%emt 0:00:44]} b5 {[%emt 0:02:27]} 35. axb5 1/2-1/2

[Event "XII Paracin Festival 2019"]
[Site "Paracin"]
[Date "2019.07.10"]
[Round "7.22"]
[White "Raahul V S"]
[Black "Milanovic, Danilo"]
[Result "1-0"]
[WhiteElo "2251"]
[BlackElo "2492"]
[Annotator "ChessBase"]
[PlyCount "45"]
[EventDate "2019.07.05"]
[EventType "swiss"]
[EventCountry "SRB"]
[SourceTitle "playchess.com"]
[Source "ChessBase"]
[SourceQuality "1"]
[TimeControl "5400+30"]

1. c4 {[%emt 0:00:00]} e5 {[%emt 0:06:29]} 2. g3 {[%emt 0:00:35]} Nc6 {[%emt 0:00:06]} 3. Bg2 {[%emt 0:00:06]} Bc5 {[%emt 0:00:06]} 4. Nc3 {[%emt 0:00:13]} a6 {[%emt 0:00:08]} 5. e3 {[%emt 0:00:32]} d6 {[%emt 0:00:08]} 6. Nge2 {[%emt 0:00:30]} Ba7 {[%emt 0:00:07]} 7. d4 {[%emt 0:02:16]} Nge7 {[%emt 0:02:40]} 8. O-O {[%emt 0:00:23]} O-O {[%emt 0:00:07]} 9. b3 {[%emt 0:00:10]} exd4 10. Nxd4 {[%emt 0:11:44]} Nxd4 {[%emt 0:17:56]} 11. exd4 {[%emt 0:01:14]} Nf5 {[%emt 0:00:28]} 12. Ne2 {[%emt 0:00:24]} Rb8 {[%emt 0:02:46]} 13. Bb2 {[%emt 0:01:04]} b5 {[%emt 0:01:28]} 14. Rc1 {[%emt 0:00:25]} bxc4 {[%emt 0:05:29]} 15. Rxc4 {[%emt 0:00:02]} a5 {[%emt 0:00:12]} 16. Qc2 {[%emt 0:12:17]} Ba6 {[%emt 0:39:06]} 17. Ra4 {[%emt 0:00:15]} Re8 {[%emt 0:00:17]} 18. Re1 {[%emt 0:08:36]} Bb5 {[%emt 0:01:33]} 19. Rxa5 {[%emt 0:00:08]} Nxd4 {[%emt 0:01:29]} 20. Qc3 {[%emt 0:01:31]} Qf6 {[%emt 0:03:26]} 21. Nxd4 {[%emt 0:00:21]} Bxd4 {[%emt 0:00:39]} 22. Rxe8+ {[%emt 0:00:09]} Rxe8 {[%emt 0:00:06]} 23. Qxd4 {[%emt 0:00:01]} 1-0

[Event "XII Paracin Festival 2019"]
[Site "Paracin"]
[Date "2019.07.10"]
[Round "7.23"]
[White "Strugnell, Carl"]
[Black "Radovanovic, Nikola"]
[Result "0-1"]
[WhiteElo "2248"]
[BlackElo "2431"]
[Annotator "TA"]
[PlyCount "64"]
[EventDate "2019.07.05"]
[EventType "swiss"]
[EventCountry "SRB"]
[SourceTitle "playchess.com"]
[Source "ChessBase"]
[SourceQuality "1"]

{[%evp 9,70,31,53,45,51,56,62,0,14,-4,11,3,25,-39,86,94,90,94,120,60,61,45,89,40,67,72,87,79,102,91,95,84,90,78,133,114,122,128,127,126,137,104,148,134,135,-1251,67,-345,101,-1302,36,-1422,20,-1291,74,-1424,-10,-871,-784,-725,-10,-918,-564]} 1. e4 d6 2. d4 Nf6 3. Bd3 e5 4. c3 Nbd7 $146 (4... d5 5. dxe5 Nxe4 6. Nf3 Nc5 7. Bc2 Bg4 8. O-O Be7 9. Bf4 Ne6 10. Bg3 O-O 11. Nbd2 Bh5 12. Qb1 Bg6 13. Rd1 c6 14. Nf1 {1-0 (62) Melkumyan,H (2668)-Shimanov,A (2620) Saint Louis 2018}) 5. f4 g6 6. Nf3 {[%cal Rf4e5] B07: Pirc Defence: Miscellaneous Systems} Bg7 7. O-O {[%cal Rf4e5]} O-O 8. Qe1 (8. dxe5 dxe5 9. fxe5 Ng4 $15) (8. fxe5 $14 dxe5 9. Na3 (9. Nxe5 Nxe5 10. dxe5 Ng4 $15) (9. dxe5 Ng4 $15)) 8... exd4 9. cxd4 c5 10. e5 Nd5 {Hoping for ...Nb4.} 11. Be4 (11. Nc3 $11 Nxc3 12. bxc3) 11... N7b6 (11... Nc7 $15) 12. dxc5 $16 dxc5 13. Nc3 h6 14. Bb1 (14. Nxd5 $16 Nxd5 15. Qg3) 14... Nxc3 $14 15. Qxc3 Qd5 16. a4 {[%cal Ba2a4,Ba4a5][%mdl 32]} Be6 17. a5 {[#] And now Ba2 would win.} Nd7 18. Re1 Qc6 19. Be4 Bd5 20. Bxd5 Qxd5 21. Be3 Rfc8 ({Black should try} 21... Rfd8) 22. Rad1 $16 Qe6 23. Qc2 Nf8 24. Rd6 (24. Bxc5 $2 b6 $17) 24... Qe7 25. Red1 c4 26. Bf2 Ne6 27. Qf5 $2 {[%mdl 8192] [#]} (27. f5 $16 gxf5 28. Qxf5) 27... Rc7 $2 (27... gxf5 $19 28. g3 Rd8) 28. Bh4 $2 {[%mdl 8192]} (28. Qe4 $14 {keeps the upper hand.}) 28... Qf8 $2 (28... gxf5 $19 29. Bxe7 Rxe7) 29. Bf6 $2 {[%mdl 8192]} (29. Qe4 $16) 29... Re8 $2 ({Better is} 29... gxf5 $19 30. g3 Bxf6 31. exf6 Nc5) 30. R1d5 $2 {[%mdl 8192]} (30. Bxg7 $14 Nxg7 31. Qe4) 30... b6 $2 (30... gxf5 $19 31. Rd2 Bxf6 32. exf6 Nxf4) 31. Nd4 $2 {[%mdl 8192]} (31. Qe4 $11) 31... Bxf6 $2 (31... gxf5 $19 32. axb6 axb6 33. Bxg7 Qxg7 34. Nxe6 fxe6) 32. exf6 $2 {[%mdl 8192]} (32. Qxf6 $16 Nxd4 33. axb6 (33. Rxd4 bxa5 34. h3 a4 $14) 33... axb6 34. Rxd4) 32... gxf5 {Played: Ne6-g5} 0-1

[Event "XII Paracin Festival 2019"]
[Site "Paracin"]
[Date "2019.07.10"]
[Round "7.24"]
[White "Soysal, Serkan"]
[Black "Mullick, Raahil"]
[Result "1/2-1/2"]
[WhiteElo "2431"]
[BlackElo "2211"]
[Annotator "NA"]
[PlyCount "107"]
[EventDate "2019.07.05"]
[EventType "swiss"]
[EventCountry "SRB"]
[SourceTitle "playchess.com"]
[Source "ChessBase"]
[SourceQuality "1"]
[TimeControl "5400+30"]

1. d4 {[%emt 0:00:00]} d5 {[%emt 0:00:00]} 2. c4 {[%emt 0:00:00]} c6 {[%emt 0:00:01]} 3. Nc3 {[%emt 0:00:01]} dxc4 {[%emt 0:00:16]} 4. Nf3 {[%emt 0:01:59]} Nf6 {[%emt 0:00:52]} 5. a4 {[%emt 0:10:23]} Bf5 {[%emt 0:00:10]} 6. Ne5 {[%emt 0:01:38]} Nbd7 {[%emt 0:00:16]} 7. Nxc4 {[%emt 0:00:03]} Nb6 {[%emt 0:00:02]} 8. Ne5 {[%emt 0:00:44]} a5 {[%emt 0:00:03]} 9. e3 {[%emt 0:02:51]} h6 {[%emt 0:00:08]} 10. g4 {[%emt 0:06:11]} Bh7 {[%emt 0:02:46]} 11. h4 {[%emt 0:04:59]} e6 {[%emt 0:06:57]} 12. g5 {[%emt 0:05:29]} Nfd7 {[%emt 0:01:24]} 13. Nxd7 {[%emt 0:10:11]} Nxd7 {[%emt 0:01:41]} 14. Rg1 {[%emt 0:07:07]} hxg5 {[%emt 0:07:25]} 15. hxg5 {[%emt 0:00:53]} Bg6 {[%emt 0:01:14]} 16. Bd3 {[%emt 0:01:04]} Bh5 {[%emt 0:07:04]} 17. Be2 {[%emt 0:05:18]} Bg6 {[%emt 0:01:45]} 18. Bd3 {[%emt 0:00:15]} Bh5 {[%emt 0:01:25]} 19. Qc2 {[%emt 0:00:01]} Bb4 {[%emt 0:05:27]} 20. Bd2 {[%emt 0:04:07]} Qe7 {[%emt 0:06:17]} 21. g6 {[%emt 0:03:06]} f5 {[%emt 0:04:57]} 22. Ne2 {[%emt 0:02:52]} Bxe2 {[%emt 0:04:43]} 23. Kxe2 {[%emt 0:01:17]} Nf6 {[%emt 0:05:01]} 24. Qb3 {[%emt 0:08:03]} Bxd2 {[%emt 0:05:35]} 25. Kxd2 {[%emt 0:00:02]} Rh2 {[%emt 0:00:34]} 26. Rh1 {[%emt 0:01:28]} Rxh1 {[%emt 0:05:27]} 27. Rxh1 {[%emt 0:03:01]} O-O-O {[%emt 0:00:29]} 28. Qc3 {[%emt 0:09:36]} e5 {[%emt 0:10:48]} 29. Bxf5+ {[%emt 0:02:29]} Kb8 {[%emt 0:00:14]} 30. Kc1 {[%emt 0:00:31]} exd4 {[%emt 0:01:29]} 31. exd4 {[%emt 0:00:01]} Nd5 {[%emt 0:00:44]} 32. Qg3+ {[%emt 0:02:20]} Ka7 {[%emt 0:00:20]} 33. Bc2 {[%emt 0:00:58]} Qe2 {[%emt 0:02:22]} 34. Bd3 {[%emt 0:00:55]} Qe7 {[%emt 0:00:56]} 35. Rd1 {[%emt 0:02:23]} Rf8 {[%emt 0:01:38]} 36. Bc4 {[%emt 0:02:44]} Nb6 {[%emt 0:05:27]} 37. Bf7 {[%emt 0:00:16]} Nxa4 {[%emt 0:01:00]} 38. Qe5 {[%emt 0:01:17]} Qb4 {[%emt 0:00:27]} 39. Rd2 {[%emt 0:00:26]} Rh8 {[%emt 0:00:19]} 40. Qe4 {[%emt 0:02:28]} c5 {[%emt 0:00:52]} 41. Bd5 {[%emt 0:00:27]} c4 {[%emt 0:00:50]} 42. Rc2 {[%emt 0:00:24]} c3 {[%emt 0:01:13]} 43. b3 {[%emt 0:00:26]} Nb6 {[%emt 0:01:57]} 44. Ra2 {[%emt 0:00:21]} Qb5 {[%emt 0:01:52]} 45. Bc4 {[%emt 0:00:38]} Nxc4 {[%emt 0:01:55]} 46. bxc4 {[%emt 0:00:02]} Qxc4 {[%emt 0:00:02]} 47. Rxa5+ {[%emt 0:00:52]} Kb6 {[%emt 0:00:33]} 48. Qe5 {[%emt 0:00:50]} Qf1+ 49. Kc2 Qxf2+ {[%emt 0:00:56]} 50. Kb3 {[%emt 0:00:53]} Qb2+ {[%emt 0:00:20]} 51. Ka4 {[%emt 0:00:01]} Qa2+ {[%emt 0:06:02]} 52. Kb4 {[%emt 0:00:00]} Qb2+ {[%emt 0:00:01]} 53. Ka4 {[%emt 0:00:08]} Qa2+ {[%emt 0:00:51]} 54. Kb4 {[%emt 0:00:01]} 1/2-1/2

[Event "XII Paracin Festival 2019"]
[Site "Paracin"]
[Date "2019.07.10"]
[Round "7.25"]
[White "Lee, Jun Hyeok"]
[Black "Gandhi, Anish"]
[Result "1-0"]
[WhiteElo "2383"]
[BlackElo "2167"]
[Annotator "NA"]
[PlyCount "75"]
[EventDate "2019.07.05"]
[EventType "swiss"]
[EventCountry "SRB"]
[SourceTitle "playchess.com"]
[Source "ChessBase"]
[SourceQuality "1"]
[TimeControl "5400+30"]

1. Nf3 {[%emt 0:00:00]} Nf6 {[%emt 0:00:00]} 2. c4 {[%emt 0:00:06]} c5 {[%emt 0:00:00]} 3. Nc3 {[%emt 0:00:07]} d5 {[%emt 0:00:04]} 4. cxd5 {[%emt 0:00:05]} Nxd5 {[%emt 0:00:05]} 5. e4 {[%emt 0:00:05]} Nb4 {[%emt 0:01:13]} 6. Bc4 {[%emt 0:00:07]} Nd3+ {[%emt 0:00:36]} 7. Ke2 {[%emt 0:00:05]} Nf4+ {[%emt 0:00:06]} 8. Kf1 {[%emt 0:00:04]} Ne6 {[%emt 0:00:15]} 9. b4 {[%emt 0:00:05]} cxb4 {[%emt 0:01:34]} 10. Ne2 {[%emt 0:00:07]} Nc7 {[%emt 0:02:26]} 11. d4 {[%emt 0:00:24]} b5 {[%emt 0:05:09]} 12. Bd3 {[%emt 0:01:31]} g6 {[%emt 0:06:23]} 13. h4 {[%emt 0:02:43]} h5 {[%emt 0:01:06]} 14. e5 {[%emt 0:06:38]} Bf5 {[%emt 0:11:56]} 15. Bxf5 {[%emt 0:02:09]} gxf5 {[%emt 0:00:37]} 16. Qd3 {[%emt 0:01:49]} e6 {[%emt 0:01:26]} 17. Bg5 {[%emt 0:01:34]} Be7 {[%emt 0:04:50]} 18. Rc1 {[%emt 0:03:23]} Qd7 {[%emt 0:03:17]} 19. Nf4 {[%emt 0:03:08]} Nba6 {[%emt 0:03:11]} 20. d5 {[%emt 0:06:19]} Nxd5 {[%emt 0:05:27]} 21. Nxd5 {[%emt 0:00:10]} exd5 {[%emt 0:05:39]} 22. e6 {[%emt 0:01:09]} fxe6 {[%emt 0:01:44]} 23. Ne5 {[%emt 0:03:07]} Qb7 {[%emt 0:01:33]} 24. Rc6 {[%emt 0:07:42]} Bxg5 {[%emt 0:07:16]} 25. hxg5 {[%emt 0:00:12]} Nc7 {[%emt 0:00:10]} 26. Qc2 {[%emt 0:01:30]} O-O-O {[%emt 0:05:33]} 27. Nf7 {[%emt 0:03:21]} Kb8 {[%emt 0:03:19]} 28. Nxh8 {[%emt 0:11:05]} Rxh8 {[%emt 0:00:48]} 29. g6 {[%emt 0:00:28]} d4 {[%emt 0:01:54]} 30. g7 {[%emt 0:03:07]} Rc8 {[%emt 0:01:34]} 31. Rxh5 {[%emt 0:02:11]} d3 {[%emt 0:01:04]} 32. Qc5 {[%emt 0:00:06]} d2 {[%emt 0:03:03]} 33. Ke2 {[%emt 0:00:07]} Rd8 {[%emt 0:02:43]} 34. Kd1 {[%emt 0:01:26]} Qc8 {[%emt 0:05:04]} 35. Rxc7 {[%emt 0:01:24]} Qa6 {[%emt 0:00:12]} 36. Rxa7 {[%emt 0:01:14]} Qxa7 {[%emt 0:00:35]} 37. Qxa7+ {[%emt 0:00:08]} Kxa7 {[%emt 0:00:03]} 38. Rh8 {[%emt 0:00:06]} 1-0

[Event "XII Paracin Festival 2019"]
[Site "Paracin"]
[Date "2019.07.10"]
[Round "7.26"]
[White "Tadic, Stefan"]
[Black "Tanriverdi, Enes"]
[Result "1/2-1/2"]
[WhiteElo "2262"]
[BlackElo "2374"]
[Annotator "NA"]
[PlyCount "108"]
[EventDate "2019.07.05"]
[EventType "swiss"]
[EventCountry "SRB"]
[SourceTitle "playchess.com"]
[Source "ChessBase"]
[SourceQuality "1"]
[TimeControl "5400+30"]

1. e4 {[%emt 0:00:00]} c5 {[%emt 0:00:00]} 2. Nf3 {[%emt 0:00:00]} e6 {[%emt 0:00:00]} 3. d4 {[%emt 0:00:00]} cxd4 {[%emt 0:00:00]} 4. Nxd4 {[%emt 0:00:04]} Nc6 {[%emt 0:00:00]} 5. Nc3 {[%emt 0:00:12]} Qc7 {[%emt 0:00:00]} 6. Be3 {[%emt 0:00:21]} a6 {[%emt 0:00:00]} 7. Be2 {[%emt 0:00:48]} Nf6 {[%emt 0:00:23]} 8. a3 {[%emt 0:00:12]} Be7 {[%emt 0:00:12]} 9. f4 {[%emt 0:00:05]} d6 {[%emt 0:00:04]} 10. g4 {[%emt 0:00:18]} Nxd4 {[%emt 0:05:59]} 11. Qxd4 {[%emt 0:00:07]} e5 {[%emt 0:00:18]} 12. Qd2 {[%emt 0:00:13]} exf4 {[%emt 0:01:24]} 13. Bxf4 {[%emt 0:00:07]} Be6 {[%emt 0:00:03]} 14. g5 {[%emt 0:02:56]} Nd7 {[%emt 0:00:07]} 15. O-O-O {[%emt 0:01:06]} Ne5 {[%emt 0:01:13]} 16. Nd5 {[%emt 0:24:03]} Bxd5 {[%emt 0:02:57]} 17. exd5 {[%emt 0:01:08]} Ng6 {[%emt 0:08:40]} 18. h4 {[%emt 0:13:28]} Nxf4 {[%emt 0:04:01]} 19. Qxf4 {[%emt 0:00:41]} O-O {[%emt 0:01:10]} 20. Bd3 {[%emt 0:06:12]} Rae8 {[%emt 0:06:58]} 21. h5 {[%emt 0:15:53]} Bd8 {[%emt 0:01:03]} 22. Rde1 {[%emt 0:15:19]} Qa5 {[%emt 0:07:07]} 23. Rxe8 {[%emt 0:06:56]} Rxe8 {[%emt 0:00:37]} 24. c4 {[%emt 0:07:35]} Re5 {[%emt 0:03:31]} 25. Rg1 {[%emt 0:00:47]} Bb6 {[%emt 0:07:31]} 26. Qg4 {[%emt 0:00:33]} Be3+ {[%emt 0:25:46]} 27. Kb1 {[%emt 0:00:08]} Qd8 {[%emt 0:00:16]} 28. Re1 {[%emt 0:00:52]} Bxg5 {[%emt 0:00:17]} 29. Rxe5 {[%emt 0:00:07]} dxe5 {[%emt 0:00:05]} 30. Qf5 {[%emt 0:00:08]} g6 {[%emt 0:00:09]} 31. hxg6 {[%emt 0:00:16]} hxg6 {[%emt 0:00:02]} 32. Qxe5 {[%emt 0:00:10]} Bf6 {[%emt 0:00:14]} 33. Qe2 {[%emt 0:04:52]} Qb6 {[%emt 0:00:28]} 34. Qc2 {[%emt 0:00:27]} Qd4 {[%emt 0:00:49]} 35. Ka2 {[%emt 0:00:47]} a5 {[%emt 0:00:57]} 36. Be4 {[%emt 0:00:32]} Be7 {[%emt 0:00:22]} 37. Qd3 {[%emt 0:00:32]} Qe5 {[%emt 0:00:20]} 38. d6 {[%emt 0:00:29]} Bf6 {[%emt 0:01:37]} 39. Qc2 {[%emt 0:00:19]} Qxd6 {[%emt 0:00:55]} 40. Bxb7 {[%emt 0:00:05]} Bd4 {[%emt 0:00:03]} 41. Bd5 {[%emt 0:00:18]} Kg7 {[%emt 0:00:30]} 42. Qd2 {[%emt 0:01:04]} Qe5 {[%emt 0:00:33]} 43. Qxa5 {[%emt 0:00:37]} Bxb2 {[%emt 0:03:41]} 44. Qa7 {[%emt 0:00:05]} Bc1 {[%emt 0:01:34]} 45. Qxf7+ {[%emt 0:00:36]} Kh6 {[%emt 0:00:01]} 46. Qf8+ {[%emt 0:00:26]} Kg5 {[%emt 0:00:13]} 47. Qb4 {[%emt 0:00:39]} Qe2+ {[%emt 0:00:56]} 48. Kb1 {[%emt 0:00:50]} Bf4 {[%emt 0:01:05]} 49. Qb2 {[%emt 0:00:23]} Qd1+ {[%emt 0:00:35]} 50. Ka2 {[%emt 0:00:01]} Bc1 {[%emt 0:01:44]} 51. Qe5+ {[%emt 0:01:04]} Kh6 {[%emt 0:00:14]} 52. Qh8+ {[%emt 0:00:06]} Kg5 {[%emt 0:00:59]} 53. Qe5+ {[%emt 0:00:01]} Kh4 {[%emt 0:03:38]} 54. Qe4+ {[%emt 0:00:14]} Kg5 {[%emt 0:00:18]} 1/2-1/2

[Event "XII Paracin Festival 2019"]
[Site "Paracin"]
[Date "2019.07.10"]
[Round "7.27"]
[White "Sadykov, Ramil"]
[Black "Ozkan, Taha"]
[Result "1-0"]
[WhiteElo "2342"]
[BlackElo "2140"]
[Annotator "NA"]
[PlyCount "109"]
[EventDate "2019.07.05"]
[EventType "swiss"]
[EventCountry "SRB"]
[SourceTitle "playchess.com"]
[Source "ChessBase"]
[SourceQuality "1"]
[TimeControl "5400+30"]

1. e4 e6 2. d4 d5 3. e5 c5 4. Nf3 Qb6 5. Bd3 Nc6 6. dxc5 Bxc5 7. O-O Nge7 8. Nc3 Qd8 9. Na4 Bb4 10. c3 Ba5 11. Bf4 Bc7 12. Re1 b6 13. b4 Bb7 14. b5 Na5 15. Nb2 Qd7 16. a4 h6 17. h4 O-O-O 18. Nd4 Kb8 19. Qg4 Rdg8 20. h5 g6 21. Bh2 Nc4 22. Ra2 gxh5 23. Qh3 Rg7 24. Bf1 Rhg8 25. Nd3 Ng6 26. Qxh5 Qe7 27. f4 Na5 28. f5 Qh4 29. Qxh4 Nxh4 30. fxe6 fxe6 31. Rf2 Bc8 32. Nf4 Re7 33. Nh5 Rg5 34. Nf6 Rf7 35. Bf4 Rgg7 36. Bd3 Ng6 37. Bg3 Rf8 38. Bxg6 Rxg6 39. Nd7+ Bxd7 40. Rxf8+ Kb7 41. Bf4 h5 42. Kf2 Nc4 43. Re2 h4 44. Rh8 Rg7 45. Rxh4 Rf7 46. Kg3 Bd8 47. Rh6 Rg7+ 48. Kf3 Bg5 49. Bxg5 Rxg5 50. Kf4 Rg7 51. g4 Rf7+ 52. Rf6 Rxf6+ 53. exf6 e5+ 54. Rxe5 Nxe5 55. Kxe5 1-0

[Event "XII Paracin Festival 2019"]
[Site "Paracin"]
[Date "2019.07.10"]
[Round "7.28"]
[White "Nestorovic, Dejan"]
[Black "Kishan, Gangolli"]
[Result "1/2-1/2"]
[WhiteElo "2341"]
[BlackElo "2035"]
[Annotator "NA"]
[PlyCount "46"]
[EventDate "2019.07.05"]
[EventType "swiss"]
[EventCountry "SRB"]
[SourceTitle "playchess.com"]
[Source "ChessBase"]
[SourceQuality "1"]
[TimeControl "5400+30"]

1. d4 {[%emt 0:00:00]} Nf6 {[%emt 0:00:00]} 2. c4 {[%emt 0:00:02]} e6 {[%emt 0:00:00]} 3. Nf3 {[%emt 0:00:38]} d5 {[%emt 0:00:04]} 4. Nc3 {[%emt 0:00:48]} Be7 {[%emt 0:00:24]} 5. Bg5 {[%emt 0:00:22]} h6 {[%emt 0:00:25]} 6. Bh4 {[%emt 0:00:21]} O-O {[%emt 0:00:10]} 7. e3 {[%emt 0:00:07]} b6 {[%emt 0:00:12]} 8. Bd3 {[%emt 0:00:45]} Bb7 {[%emt 0:00:22]} 9. O-O {[%emt 0:00:09]} Nbd7 {[%emt 0:01:43]} 10. Qe2 {[%emt 0:01:27]} c5 {[%emt 0:01:18]} 11. Rfd1 {[%emt 0:04:14]} Ne4 {[%emt 0:02:42]} 12. Bg3 {[%emt 0:00:12]} Nxc3 {[%emt 0:16:16]} 13. bxc3 {[%emt 0:00:09]} cxd4 {[%emt 0:00:17]} 14. cxd4 {[%emt 0:00:39]} dxc4 {[%emt 0:00:14]} 15. Bxc4 {[%emt 0:00:11]} Nf6 {[%emt 0:00:25]} 16. Rac1 {[%emt 0:01:52]} Rc8 {[%emt 0:03:25]} 17. Ba6 {[%emt 0:02:25]} Qd5 {[%emt 0:03:10]} 18. Bc7 {[%emt 0:08:00]} Ne4 {[%emt 0:25:14]} 19. Qb5 {[%emt 0:31:05]} Qxb5 {[%emt 0:10:43]} 20. Bxb5 {[%emt 0:00:11]} Ba3 {[%emt 0:01:09]} 21. Rc2 {[%emt 0:10:49]} Bd6 {[%emt 0:00:34]} 22. Rdc1 {[%emt 0:00:16]} Ba3 {[%emt 0:00:17]} 23. Rd1 {[%emt 0:01:48]} Bd6 1/2-1/2